| 000 | 00350nam a22001337a 4500 | ||
|---|---|---|---|
| 020 | _a978-9987-9539-1-2 | ||
| 082 | _a657.45 | ||
| 100 | _aMhilu, Frank M. H. | ||
| 245 | _aAuditing Assurance and Related Services | ||
| 260 |
_aDar es Salaam: _bNBAA, _c2012 |
||
| 300 | _axviii, 458p.: ill.; 24 cm | ||
| 500 | _aInclude Bibliography | ||
| 942 | _cBK | ||
| 999 |
_c22114 _d22114 |
||